[Event "Ch Germany (juniors) (under 18)"]
[Site "masterchessopen.com - Oberhof (Germany)"]
[Date "2012.06.02"]
[Round "9"]
[White "Weber Max (GER)"]
[Black "Heyne Lukas (GER)"]
[Result "1-0"]
[WhiteElo "2031"]
[BlackElo "1996"]

1.d4 Nf6 2.c4 c5 3.d5 e6 4.Nc3 exd5 5.cxd5 d6 6.g3 g6 7.Bg2 Bg7 8.Nf3 O-O
9.O-O a6 10.a4 Re8 11.Nd2 Nbd7 12.h3 Qc7 13.Nc4 Nb6 14.Na3 Bd7 15.e4 Nxa4
16.Nxa4 b5 17.e5 Rxe5 18.Nc3 b4 19.Nc4 Rh5 20.g4 Nxg4 21.hxg4 Rh4 22.Ne4 Bb5
23.Bg5 Bxc4 24.Bxh4 Bxf1 25.Qxf1 f5 26.gxf5 gxf5 27.Nf6+ Kf7 28.Qe2 Bxf6
29.Qe6+ {#r} 1-0

[Event "It (cat.8)"]
[Site "masterchessopen.com - Copenhagen (Denmark)"]
[Date "2012.06.04"]
[Round "7"]
[White "Andersen Mads (DEN)"]
[Black "Carstensen Jacob (DEN)"]
[Result "1-0"]
[WhiteElo "2381"]
[BlackElo "2314"]

1.d4 Nf6 2.c4 e6 3.g3 c5 4.d5 exd5 5.cxd5 d6 6.Nc3 g6 7.Bg2 Bg7 8.Nf3 O-O
9.O-O Re8 10.Nd2 a6 11.a4 Nbd7 12.h3 Rb8 13.Nc4 Ne5 14.Na3 Nh5 15.e4 Bd7 16.a5
Qxa5 17.g4 Nf6 18.f4 Nexg4 19.hxg4 Nxg4 20.f5 Ne5 21.f6 Bh8 22.Bg5 Qd8 23.Nc2
h6 24.Bh4 b5 25.Ne3 b4 26.Ne2 a5 27.Qd2 Kh7 28.Rf2 Rg8 29.Raf1 a4 30.Bg3 Re8
31.Bxe5 dxe5 32.Qc1 Qb6 33.Ng3 Rbc8 34.Nc4 Qa6 35.Bf3 g5 36.Rh2 Bxf6 37.Be2
Bg7 38.Rxf7 Rcd8 39.Nh5 Rg8 40.Nxe5 {#r} 1-0

[Event "Tournament (qual-olympiad)"]
[Site "masterchessopen.com - El Bagre (Colombia)"]
[Date "2012.06.10"]
[Round "11"]
[White "Torres Juan Camilo (COL)"]
[Black "Arenas David (COL)"]
[Result "0-1"]
[WhiteElo "2295"]
[BlackElo "2423"]

1.d4 Nf6 2.c4 e6 3.Nf3 c5 4.d5 exd5 5.cxd5 d6 6.Nc3 g6 7.g3 Bg7 8.Bg2 O-O
9.O-O a6 10.a4 Re8 11.Nd2 Nbd7 12.h3 Qc7 13.Nc4 Nb6 14.Na3 Bd7 15.Bd2 Re5
16.Bf4 Re7 17.Qb3 Rae8 18.a5 Nc8 19.Nc4 Bf5 20.g4 Bd7 21.Rfe1 h5 22.g5 Ne4
23.Nxe4 Rxe4 24.Bxe4 Rxe4 25.e3 Bb5 26.Rec1 Qd7 27.Kg2 Qf5 28.f3 Rxf4 29.exf4
Bd4 30.Nd2 Ne7 31.Re1 Bd7 32.Rh1 Nxd5 33.Ne4 Nxf4+ 34.Kf1 Bb5+ 35.Ke1 Nd3+
{#R} 0-1

[Event "It (open)"]
[Site "masterchessopen.com - Philadelphia (USA)"]
[Date "2012.06.29"]
[Round "1"]
[White "Coraretti Benjamin (USA)"]
[Black "Battaglini Gabriel (FRA)"]
[Result "0-1"]
[WhiteElo "2091"]
[BlackElo "2419"]

1.d4 Nf6 2.c4 e6 3.g3 c5 4.d5 d6 5.Nc3 exd5 6.cxd5 g6 7.Bg2 Bg7 8.Nf3 O-O
9.O-O Re8 10.Nd2 a6 11.a4 Nbd7 12.Nc4 Ne5 13.Na3 Bd7 14.Bg5 h6 15.Bd2 Rb8
16.a5 Nh5 17.f4 Ng4 18.Nc2 b5 19.e4 b4 20.Ne2 b3 21.Ne1 Bb5 22.Bf3 f5 23.Ng2
Bxb2 24.Rb1 Bxe2 25.Qxe2 Bd4+ 26.Kh1 Nhf6 27.Be1 Nxe4 28.Qxa6 Nef2+ 29.Bxf2
Nxf2+ 30.Kg1 Ne4+ 31.Kh1 Nd2 {#R} 0-1

[Event "It (cat.2)"]
[Site "masterchessopen.com - Sao Bernardo (Brazil)"]
[Date "2012.07.03"]
[Round "2"]
[White "Abdalla Luiz Guilherme Aurelli (BRA)"]
[Black "Rodi Luis Ernesto (ARG)"]
[Result "1-0"]
[WhiteElo "2333"]
[BlackElo "2363"]

1.d4 Nf6 2.c4 e6 3.Nf3 c5 4.d5 exd5 5.cxd5 d6 6.Nc3 g6 7.g3 Bg7 8.Bg2 O-O
9.O-O a6 10.a4 Nbd7 11.Nd2 Re8 12.h3 Rb8 13.Nc4 Ne5 14.Na3 Nh5 15.e4 Bd7 16.a5
Qxa5 17.g4 Nf6 18.f4 Nexg4 19.hxg4 Nxg4 20.f5 h5 21.Bg5 c4 22.Qd2 Qc5+ 23.Kh1
b5 24.f6 Bh8 25.Nc2 b4 26.Ne2 Nf2+ 27.Rxf2 Qxf2 28.Rf1 c3 29.Rxf2 cxd2 30.Bxd2
a5 31.Ned4 Rbc8 32.Ne3 Kh7 33.b3 g5 34.Ndf5 Bxf5 35.Nxf5 Red8 36.Ne7 Rc2 37.e5
Rxd2 38.Be4+ Kh6 39.Nf5+ Kh7 40.Nxd6+ Kg8 41.Rxd2 Bxf6 42.Nb7 Be7 43.d6 Bxd6
44.exd6 {#r} 1-0

[Event "Memorial T.Gniot (open)"]
[Site "masterchessopen.com - Police (Poland)"]
[Date "2012.07.16"]
[Round "6"]
[White "Zschaebitz Klaus (GER)"]
[Black "Jacek Krystian (POL)"]
[Result "0-1"]
[WhiteElo "2105"]
[BlackElo "2074"]

1.d4 Nf6 2.c4 c5 3.d5 e6 4.Nc3 exd5 5.cxd5 d6 6.g3 g6 7.Bg2 Bg7 8.Nf3 O-O
9.O-O Re8 10.Nd2 a6 11.a4 Nbd7 12.Nc4 Ne5 13.Na3 Nh5 14.e4 Rb8 15.h3 Bd7 16.g4
b5 17.Ne2 Nf6 18.f4 Nexg4 19.hxg4 Nxg4 20.Qd3 bxa4 21.Qxa6 Qh4 22.Rf3 Rxe4
23.Nc2 Bb5 {#R} 0-1

[Event "Ch Spain (team) (1 Div) (1B)"]
[Site "masterchessopen.com - Don Benito (Spain)"]
[Date "2012.08.02"]
[Round "4"]
[White "Rubio Mejia Luis Ignacio (ESP)"]
[Black "Alonso Rosell Alvar (ESP)"]
[Result "0-1"]
[WhiteElo "2428"]
[BlackElo "2502"]

1.d4 Nf6 2.c4 c5 3.d5 e6 4.Nc3 exd5 5.cxd5 d6 6.g3 g6 7.Bg2 Bg7 8.Nf3 O-O
9.O-O Re8 10.Nd2 Nbd7 11.a4 a6 12.h3 Rb8 13.Nc4 Ne5 14.Na3 Nh5 15.e4 Bd7 16.a5
Qxa5 17.g4 Nf6 18.f4 Nexg4 19.hxg4 Nxg4 20.f5 h5 21.Qf3 Qd8 22.Nc2 b5 23.Bh3
Qe7 24.Bxg4 hxg4 25.Qxg4 b4 26.Nd1 Qxe4 27.Qxe4 Rxe4 28.Bf4 Rbe8 29.fxg6 fxg6
30.Bxd6 Bb5 31.Rf2 Rg4+ 32.Kh2 Be5+ 33.Bxe5 Rxe5 34.Rf3 Re2+ 35.Rf2 Re5 36.Rf3
Rh5+ 37.Rh3 Rxd5 38.Rf3 Be2 39.Nce3 Bxf3 40.Nxd5 Bxd5 41.Ne3 Rd4 42.Rxa6 Bf7
43.Kg3 Rd2 {#R} 0-1

[Event "It (open)"]
[Site "masterchessopen.com - Amoudara (Greece)"]
[Date "2012.08.07"]
[Round "5"]
[White "Skembris Spyridon (GRE)"]
[Black "Pandelias Emmanouil (GRE)"]
[Result "1-0"]
[WhiteElo "2460"]
[BlackElo "2071"]

1.d4 Nf6 2.c4 e6 3.Nf3 c5 4.d5 d6 5.Nc3 exd5 6.cxd5 g6 7.g3 Bg7 8.Bg2 O-O
9.O-O Re8 10.Nd2 a6 11.a4 Nbd7 12.h3 Rb8 13.a5 b5 14.axb6 Nxb6 15.Nb3 Nc4
16.Ra2 Rb4 17.Nd2 Na5 18.Ra3 Bd7 19.Re1 Qb6 20.e3 Nc4 21.Nxc4 Rxc4 22.Bf1 Rb4
23.Rxa6 Qb8 24.Bg2 h5 25.Na2 Rb5 26.e4 Qc8 27.Rxd6 Bxh3 28.Nc3 Bxg2 29.Kxg2
Rb4 30.Rc6 Qb7 31.Qc2 Nd7 32.Na4 f5 33.Rxg6 fxe4 34.Bh6 Re7 35.Rxg7+ Rxg7
36.Bxg7 Kxg7 37.Nxc5 Rxb2 38.Qc3+ {#r} 1-0

[Event "Ch Germany (seniors)"]
[Site "masterchessopen.com - Dresden (Germany)"]
[Date "2012.08.09"]
[Round "1"]
[White "Schmidt Bodo (GER)"]
[Black "Nagorni Walter (GER)"]
[Result "1-0"]
[WhiteElo "2343"]
[BlackElo "2099"]

1.d4 Nf6 2.c4 c5 3.d5 e6 4.Nc3 exd5 5.cxd5 d6 6.Nf3 g6 7.g3 Bg7 8.Bg2 a6 9.a4
O-O 10.O-O Re8 11.Nd2 Nbd7 12.h3 Rb8 13.Nc4 Nb6 14.Na3 Bd7 15.e4 Nh5 16.g4
Bxc3 17.bxc3 Bxa4 18.Qd3 Ng7 19.c4 Bd7 20.Bf4 Nc8 21.Qg3 Qe7 22.Rfe1 f6 23.Nc2
g5 24.Bd2 Qe5 25.f4 Qb2 26.Qd3 f5 27.Bc3 Qb6 28.exf5 Rf8 29.fxg5 Nxf5 30.gxf5
Bxf5 31.Be4 Bxe4 32.Qxe4 Qc7 33.Rf1 Qe7 34.Rxf8+ Kxf8 35.Qf4+ Kg8 36.Ne3 Qf7
37.Nf5 {#r} 1-0

[Event "It (open)"]
[Site "masterchessopen.com - Vlissingen (Netherlands)"]
[Date "2012.08.10"]
[Round "8"]
[White "Bollen Guus (NED)"]
[Black "Van Gool Henk (NED)"]
[Result "0-1"]
[WhiteElo "1967"]
[BlackElo "2127"]

1.d4 Nf6 2.c4 c5 3.d5 e6 4.Nc3 exd5 5.cxd5 d6 6.g3 g6 7.Bg2 Bg7 8.Nf3 O-O
9.O-O Re8 10.Nd2 a6 11.a4 Nbd7 12.h3 b6 13.Nc4 Ne5 14.Na3 Rb8 15.Re1 Qc7 16.e4
c4 17.Bf1 Nfd7 18.Bf4 Qc5 19.Kg2 b5 20.Be3 Qb4 21.axb5 axb5 22.Nc2 Qxb2 23.Bc1
Qxc3 24.Ra3 Nd3 25.Rxc3 Bxc3 26.Bxd3 cxd3 27.Qxd3 Bxe1 28.Nxe1 Nc5 29.Qc3 Nxe4
30.Qd4 Ra8 31.Bb2 f6 32.f3 Ra4 33.Qd1 Bxh3+ 34.Kh2 Ng5 35.Kh1 Ra2 36.Bxf6
Rxe1+ 37.Qxe1 Bg2+ 38.Kh2 Nxf3# 0-1

[Event "Memorial M.Najdorf (open)"]
[Site "masterchessopen.com - Warsaw (Poland)"]
[Date "2012.08.10"]
[Round "6"]
[White "Maciaga Marcin (POL)"]
[Black "Spicak Krzysztof (POL)"]
[Result "1-0"]
[WhiteElo "2224"]
[BlackElo "1990"]

1.d4 Nf6 2.c4 g6 3.Nf3 Bg7 4.g3 O-O 5.Bg2 c5 6.d5 d6 7.Nc3 e6 8.O-O exd5
9.cxd5 Re8 10.Nd2 a6 11.a4 Nbd7 12.h3 Rb8 13.Nc4 Ne5 14.Na3 Nh5 15.e4 f5
16.exf5 Bxf5 17.g4 Bxg4 18.hxg4 Qh4 19.gxh5 Ng4 20.Bf4 Bd4 21.Qf3 Rf8 22.Qg3
Qxh5 23.Bf3 Rxf4 24.Qxf4 Be5 25.Bxg4 {#r} 1-0

[Event "It (open)"]
[Site "masterchessopen.com - Amoudara (Greece)"]
[Date "2012.08.11"]
[Round "9"]
[White "Tsilidis Alexandros (GRE)"]
[Black "Sethuraman S P (IND)"]
[Result "0-1"]
[WhiteElo "2247"]
[BlackElo "2535"]

1.d4 Nf6 2.c4 e6 3.g3 c5 4.d5 exd5 5.cxd5 d6 6.Bg2 g6 7.Nf3 Bg7 8.Nc3 O-O
9.O-O Re8 10.Nd2 a6 11.a4 Nbd7 12.Nc4 Ne5 13.Nxe5 Rxe5 14.h3 Rb8 15.Bf4 Re8
16.a5 b6 17.axb6 Rxb6 18.Qc1 Bf5 19.g4 Be4 20.f3 Bxd5 21.g5 Nh5 22.Nxd5 Bxb2
23.Qd2 Bd4+ 24.Kh1 Rb2 25.Qd3 Nxf4 26.Nxf4 Qxg5 27.e3 Rxe3 28.Qxa6 Qxf4
29.Qc8+ Kg7 30.Ra8 Kh6 31.Qf8+ Bg7 32.Qd8 Be5 33.Qf8+ Kh5 {#R} 0-1

[Event "It (open) (c)"]
[Site "masterchessopen.com - Mislata (Spain)"]
[Date "2012.08.14"]
[Round "2"]
[White "Cebrian Flores Juan Antonio"]
[Black "Birnoveanu Petru"]
[Result "1-0"]
[WhiteElo "1888"]
[BlackElo "1763"]

1.d4 Nf6 2.c4 e6 3.g3 c5 4.d5 exd5 5.cxd5 d6 6.Bg2 g6 7.Nc3 Bg7 8.Nf3 O-O
9.O-O a6 10.a4 Re8 11.Nd2 Nbd7 12.Nc4 Ne5 13.Na3 b6 14.h3 Bb7 15.Re1 Rb8
16.Kh2 h6 17.f4 Ned7 18.e4 Nh7 19.Be3 f5 20.Bf2 fxe4 21.Bxe4 Ndf8 22.Qc2 Qf6
23.Nc4 Ba8 24.Ne3 h5 25.Ng2 g5 26.Qd1 Qh6 27.Be3 Bxc3 28.Bxh7+ Qxh7 29.bxc3
Re4 30.fxg5 Ng6 31.Bf4 Rxe1 32.Qxe1 Bxd5 33.Qd2 Bxg2 34.Qxg2 Rd8 35.Re1 Qf7
36.Rf1 Qc4 37.Qf3 Nxf4 38.gxf4 h4 39.Re1 Rf8 40.f5 Qa2+ 41.Re2 Rxf5 42.Qa8+
Rf8 43.Qxf8+ {#r} 1-0

[Event "Cup University (cat. 2)"]
[Site "masterchessopen.com - Lvov (Ukraine)"]
[Date "2012.08.18"]
[Round "5"]
[White "Sychevskyy Andriy (UKR)"]
[Black "Zimmermann U"]
[Result "0-1"]
[WhiteElo "2040"]
[BlackElo "2219"]

1.d4 Nf6 2.c4 c5 3.d5 g6 4.Nc3 Bg7 5.g3 d6 6.Bg2 O-O 7.Nf3 e6 8.O-O exd5
9.cxd5 a6 10.a4 Re8 11.Nd2 Nbd7 12.h3 Nh5 13.e4 Ne5 14.f4 Nd3 15.Kh2 f5
16.exf5 Bxf5 17.Nf3 Nb4 18.g4 Bc2 19.Qd2 Nf6 20.Ng5 h5 21.Ne6 Nxg4+ 22.Kg3
Rxe6 23.dxe6 Nh6 24.Bxb7 Nf5+ 25.Kh2 Ra7 26.Bd5 Kh8 27.Ra3 Bd3 28.Rf3 c4 29.b3
Nd4 30.Rg3 h4 31.Re3 Ndc2 32.bxc4 Nxe3 33.Qxe3 Rc7 34.Rb3 Bxc3 35.Rxc3 Nxd5
36.Qxd3 Nxc3 37.Qxc3+ Kh7 38.Bb2 Qf8 39.Kg2 Re7 40.Qe1 Qxf4 {#R} 0-1

[Event "Ch Europe (juniors) (under 12)"]
[Site "masterchessopen.com - Prague (Czech Republic)"]
[Date "2012.08.19"]
[Round "3"]
[White "Ozcan Bora"]
[Black "Drori Saar"]
[Result "0-1"]
[WhiteElo "1681"]
[BlackElo "1905"]

1.d4 Nf6 2.c4 e6 3.Nf3 c5 4.d5 exd5 5.cxd5 g6 6.Nc3 Bg7 7.g3 d6 8.Bg2 O-O
9.O-O Re8 10.Nd2 a6 11.a4 Nbd7 12.h3 Rb8 13.Nc4 Ne5 14.Na3 Nh5 15.Kh2 Bd7
16.f4 b5 17.axb5 axb5 18.Ne4 b4 19.Nb1 Nc4 20.Ra7 Bf5 21.b3 Bxe4 22.Bxe4 Rxe4
23.bxc4 Rxc4 24.Nd2 Rd4 25.Qb3 Qb6 26.Ra2 Qb5 27.Qf3 c4 28.Ra7 b3 29.f5 Qe8
30.fxg6 hxg6 31.e3 Rxd2+ 32.Bxd2 b2 33.g4 b1=Q 34.Rxb1 Rxb1 35.gxh5 Rb2
36.hxg6 Rxd2+ 37.Kh1 fxg6 38.Qf4 Qf8 39.Qxc4 Qf3+ {#R} 0-1

[Event "It (open) \"]
[Site "masterchessopen.com - Berlin (Germany)"]
[Date "2012.08.21"]
[Round "4"]
[White "Kutzner Stephen (GER)"]
[Black "Luebke Thomas (GER)"]
[Result "1-0"]
[WhiteElo "2046"]
[BlackElo "1990"]

1.d4 Nf6 2.c4 e6 3.g3 c5 4.d5 exd5 5.cxd5 d6 6.Nf3 g6 7.Bg2 Bg7 8.O-O O-O
9.Nc3 a6 10.a4 Re8 11.Nd2 Nbd7 12.e4 Ne5 13.Qc2 g5 14.f4 gxf4 15.gxf4 Ng6
16.Nc4 Ng4 17.Kh1 Bd4 18.Bf3 Nh4 19.Bxg4 Bxg4 20.Be3 Kh8 21.e5 Bxc3 22.Nxd6
Bf5 23.Qxc3 Re7 24.Rad1 b6 25.Rg1 Ng6 26.Nxf5 {#r} 1-0

[Event "Olympiad (w)"]
[Site "masterchessopen.com - Istanbul (Turkey)"]
[Date "2012.08.29"]
[Round "2"]
[White "Khademalsharieh Sarasadat (IRI)"]
[Black "Zhukova Natalia (UKR)"]
[Result "0-1"]
[WhiteElo "2304"]
[BlackElo "2442"]

1.d4 Nf6 2.Nf3 e6 3.c4 c5 4.d5 exd5 5.cxd5 d6 6.Nc3 g6 7.g3 Bg7 8.Bg2 O-O
9.O-O a6 10.a4 Re8 11.Nd2 Nbd7 12.h3 Nh5 13.Nc4 Ne5 14.Na3 Bd7 15.a5 Qxa5
16.g4 Nxg4 17.hxg4 Bxg4 18.Nc2 Qd8 19.Ne4 Qd7 20.Ra3 f5 21.Nxc5 dxc5 22.f3 Ng3
23.Rf2 Bh5 24.Bh3 Qd6 25.Rg2 b5 26.Qe1 f4 27.Be6+ Kh8 28.Rd3 Rad8 29.b3 g5
30.Rxg3 fxg3 31.Bxg5 c4 32.bxc4 bxc4 33.Ra3 Rb8 34.Kg2 Rb2 35.Rc3 Qe5 36.Bd2
Bg6 37.e4 Qxc3 38.Bxc3 Rxc2+ 39.Kxg3 Rxc3 40.e5 Rd3 {#R} 0-1

[Event "It (open)"]
[Site "masterchessopen.com - Istanbul (Turkey)"]
[Date "2012.09.05"]
[Round "6"]
[White "Karayel Atagun (TUR)"]
[Black "Mecit Emre (TUR)"]
[Result "0-1"]
[WhiteElo "1944"]
[BlackElo "2057"]

1.c4 g6 2.Nc3 Bg7 3.g3 Nf6 4.Bg2 O-O 5.d4 c5 6.d5 d6 7.Nf3 a6 8.a4 e6 9.O-O
exd5 10.cxd5 Re8 11.Nd2 Nbd7 12.Nc4 Ne5 13.Na3 Rb8 14.h3 Nh5 15.Kh2 f5 16.f4
b5 17.axb5 axb5 18.Ncxb5 Ba6 19.Qa4 Bxb5 20.Nxb5 Nf7 21.e4 fxe4 22.g4 Nf6
23.Nc3 Nxg4+ 24.hxg4 Qh4+ 25.Bh3 Ng5 26.fxg5 Be5+ 27.Kg1 Qg3+ 28.Bg2 Bd4+
29.Qxd4 cxd4 30.Ne2 Qxg4 31.Nxd4 e3 32.Ne6 e2 33.Re1 Rxe6 34.dxe6 Qd4+ 35.Be3
Qxe3+ 36.Kh2 Rb4 37.Bf3 Qf2+ {#R} 0-1

[Event "It (open)"]
[Site "masterchessopen.com - Borup (Denmark)"]
[Date "2012.09.16"]
[Round "4"]
[White "Carstensen Jacob (DEN)"]
[Black "Vesterli Michael E (DEN)"]
[Result "1-0"]
[WhiteElo "2352"]
[BlackElo "2029"]

1.d4 Nf6 2.c4 g6 3.Nc3 Bg7 4.Nf3 O-O 5.g3 c5 6.d5 d6 7.Bg2 e6 8.O-O exd5
9.cxd5 Re8 10.Nd2 a6 11.a4 Nbd7 12.Nc4 Ne5 13.Na3 Rb8 14.h3 Qc7 15.f4 Ned7
16.e4 c4 17.Kh2 Nc5 18.e5 dxe5 19.Nxc4 Nh5 20.d6 Qd8 21.Nxe5 Rxe5 22.fxe5 Bxe5
23.Qd5 Bxg3+ 24.Kg1 Ne6 25.Ne4 Qb6+ 26.Kh1 Bd7 27.Ra3 Bc6 28.Qxh5 gxh5
29.Rxg3+ Kh8 30.Bd2 Nd4 31.Bc3 Bxe4 32.Bxe4 Qxd6 33.Rd3 Rd8 34.Rxd4 Qxd4
35.Rd1 {#r} 1-0

[Event "Cup Russia (open)"]
[Site "masterchessopen.com - Vladivostok (Russia)"]
[Date "2012.09.17"]
[Round "1"]
[White "Bocharov Dmitry (RUS)"]
[Black "Borodinov Dmitri (RUS)"]
[Result "1-0"]
[WhiteElo "2603"]
[BlackElo "2242"]

1.d4 Nf6 2.c4 g6 3.g3 Bg7 4.Bg2 O-O 5.Nc3 d6 6.Nf3 c5 7.d5 e6 8.O-O exd5
9.cxd5 Re8 10.Nd2 a6 11.a4 Nbd7 12.h3 Rb8 13.Nc4 Nb6 14.Na3 Na8 15.Bf4 Nh5
16.Bd2 f5 17.Nc4 Nb6 18.b3 Qc7 19.Na3 Nd7 20.Rb1 Ndf6 21.e3 Qe7 22.b4 Nd7
23.Nc4 Nhf6 24.a5 cxb4 25.Na4 Ne4 26.Bxb4 Ndc5 27.Nxd6 Qxd6 28.Nxc5 Nc3
29.Bxc3 Bxc3 30.Qa4 Rd8 31.Qa3 Bg7 32.Rb6 Qe7 33.d6 Rxd6 34.Nxa6 {#r} 1-0

[Event "Cup Russia (open)"]
[Site "masterchessopen.com - Vladivostok (Russia)"]
[Date "2012.09.18"]
[Round "2"]
[White "Muratov Sergey (RUS)"]
[Black "Korniushin Nikolay (RUS)"]
[Result "0-1"]
[WhiteElo "2250"]
[BlackElo "2360"]

1.d4 Nf6 2.c4 c5 3.d5 e6 4.Nc3 exd5 5.cxd5 d6 6.g3 g6 7.Bg2 Bg7 8.Nf3 O-O
9.O-O a6 10.a4 Re8 11.Nd2 Nbd7 12.Nc4 Ne5 13.Nxe5 Rxe5 14.e4 Re8 15.Re1 Rb8
16.Bf1 Qc7 17.h3 Nd7 18.a5 b5 19.axb6 Rxb6 20.Qc2 Ne5 21.Re3 Rb4 22.Ra4 a5
23.Na2 Rb8 24.Rea3 Bd7 25.Rxa5 Nf3+ 26.Kh1 Nd4 27.Qb1 Qc8 28.Kh2 Nb3 29.Ra7
Nxc1 30.Nxc1 Rxb2 31.Qd3 Rxf2+ 32.Bg2 {#R} 0-1

[Event "Ch Serbia (team) (1 liga)"]
[Site "masterchessopen.com - Valjevo (Serbia)"]
[Date "2012.09.23"]
[Round "7"]
[White "Tancik Kristijan (SRB)"]
[Black "Velickovic Sasa (SRB)"]
[Result "0-1"]
[WhiteElo "2300"]
[BlackElo "2389"]

1.d4 Nf6 2.c4 c5 3.d5 g6 4.Nc3 d6 5.Nf3 Bg7 6.g3 O-O 7.Bg2 e6 8.O-O exd5
9.cxd5 a6 10.a4 Re8 11.Nd2 Nbd7 12.h3 Rb8 13.Nc4 Nb6 14.Na3 Bd7 15.e4 Nc8
16.Qd3 Re7 17.Rb1 Be8 18.Bd2 Rc7 19.Rfc1 Nd7 20.f4 c4 21.Nxc4 Nc5 22.Qc2 b5
23.axb5 axb5 24.Na5 b4 25.Ne2 Na7 26.b3 Nb5 27.Nc4 Na6 28.Qd3 Nc5 29.Qc2 Na6
30.Qd3 Nc5 31.Qc2 Rcc8 32.e5 Na3 33.Nxa3 bxa3 34.Qa2 Bb5 35.Nd4 dxe5 36.Nc6
Bxc6 37.dxc6 e4 38.b4 Nd3 39.Rc4 Nb2 40.c7 Rxc7 41.Rxc7 Qxc7 42.Bxe4 Qb6+ {#R}
0-1

[Event "Ch American Continental"]
[Site "masterchessopen.com - Mar del Plata (Argentina)"]
[Date "2012.10.17"]
[Round "7"]
[White "Gemy Jose Daniel (BOL)"]
[Black "Tapie P"]
[Result "1-0"]
[WhiteElo "2333"]
[BlackElo "2240"]

1.d4 Nf6 2.c4 c5 3.d5 e6 4.Nc3 exd5 5.cxd5 d6 6.g3 g6 7.Bg2 Bg7 8.Nf3 O-O
9.O-O Re8 10.Nd2 a6 11.a4 Nbd7 12.Nc4 Ne5 13.Na3 Nh5 14.e4 Rb8 15.h3 Rf8
16.Be3 f5 17.exf5 Bxf5 18.Kh2 b5 19.Ne4 b4 20.Nc2 Nc4 21.Bg5 Qc7 22.Qe2 Nxb2
23.Ne3 c4 24.Rac1 Rbc8 25.f4 c3 26.Nxf5 Rxf5 27.g4 Nxf4 28.Rxf4 Rxg5 29.Nxg5
Be5 30.Ne6 Re8 31.Qxe5 dxe5 32.Nxc7 exf4 33.Nxe8 Nd3 34.d6 Kf8 35.d7 Ke7
36.Rd1 c2 37.Rxd3 Kd8 38.Ng7 {#r} 1-0